| 000 | 00898nas a2200301 4500 | ||
|---|---|---|---|
| 001 | BR2011003936 | ||
| 003 | BR-BrBNA | ||
| 005 | 20231205115432.0 | ||
| 007 | ta | ||
| 008 | 230509b bl.|||p| |||| 00| 00por d | ||
| 040 |
_aBR-BrBNA _bpor _cBiblioteca Nacional de Agricultura |
||
| 041 | _a(Pt) | ||
| 072 | _aH60 | ||
| 100 | 1 | _aPereira, M.R.R. | |
| 100 | 1 | _aMartins, D. | |
| 100 | 1 | _aSilva, J.I.C. | |
| 100 | 1 | _aRodrigues, C.A.C.P. | |
| 100 | 1 | _aKlar, A.E. | |
| 245 | 1 | _aEfeito de herbicidas sobre plantas de Brachiaria plantaginea submetidas a estresse hídrico | |
| 650 | _aCAPIM MARMELADA | ||
| 650 | _aERVA DANINHA | ||
| 650 | _aPAPUA | ||
| 650 | _aHERBICIDA | ||
| 650 | _aCONTROLE QUÍMICO | ||
| 773 | 0 |
_tPlanta Daninha (Brazil) _xISSN 0100-8358 _g(2010), v. 28(special number) p. 1047-1058 _wBR2011003936 |
|
| 909 |
_a202311 _bLúcia _c55 _dLúcia Elande |
||
| 942 |
_2AGRIS _n0 _cANA |
||
| 999 |
_c213792 _d213792 |
||